| 000 | 01428na a2200397 4500 | ||
|---|---|---|---|
| 001 | 20534 | ||
| 003 | MIRAKIL | ||
| 005 | 20181213155011.0 | ||
| 008 | 170301b tu 000 0 | ||
| 035 | _a20534 | ||
| 040 |
_aMilas _btur _cTR-AnCHP |
||
| 041 | _atur | ||
| 082 |
_aCHP 324.23072 _bC36s 2002 |
||
| 090 | _aBROŞÜR 349 | ||
| 110 | _aCumhuriyet Halk Partisi (CHP) | ||
| 222 | _aSeçim bildirgeleri | ||
| 245 |
_aGüzel günler göreceğiz! [kitapçık] _bCumhuriyet Halk Partisi 2002 seçim bildirgesi _cCHP |
||
| 246 | _a2003 CHP seçim bildirgesi | ||
| 246 | _aCumhuriyet Halk Partisi 2002 seçim bildirgesi | ||
| 246 | _aCHP 2002 seçim bildirgesi | ||
| 260 |
_aAnkara _bCHP _c2003 |
||
| 300 |
_a96 s. _c19 sm. |
||
| 440 |
_aCumhuriyet Halk Partisi yayınları _pBildirgeler |
||
| 610 |
_aCumhuriyet Halk Partisi (CHP) _xSeçim kampanyaları, 2002 _ySeçim bildirgeleri |
||
| 610 |
_aCumhuriyet Halk Partisi (CHP) _xSeçim bildirgeleri, 2002 |
||
| 610 |
_aCumhuriyet Halk Partisi (CHP) _xPropaganda ve ideolojiler _yBaykal dönemi _yBildirgeler |
||
| 651 |
_aTürkiye _xSiyaset ve yönetim _y2002-2004 |
||
| 657 | _a2002 genel seçimleri | ||
| 657 | _aCHP seçim bildirgesi | ||
| 657 | _aCHP seçim bildirgeleri | ||
| 740 | _aCumhuriyet Halk Partisi 2002 seçim bildirgesi | ||
| 740 | _aCHP 2002 seçim bildirgesi | ||
| 830 | _aCHP bildirgeleri | ||
| 942 |
_2ddc _cBKS |
||
| 999 |
_c4576 _d4576 |
||